Biologia Centrali-Americana, or, Contributions to the knowledge of the fauna and flora of Mexico and Central America (Record no. 9227)

MARC details
000 -CABECERA
campo de control de longitud fija 01566nam a2200361 a 4500
001 - NÚMERO DE CONTROL
campo de control BRL_414
005 - FECHA Y HORA DE LA ÚLTIMA TRANSACCIÓN
campo de control 20190320210731.0
008 - DATOS DE LONGITUD FIJA--INFORMACIÓN GENERAL
campo de control de longitud fija 070813s18891902enka######---#000-0#eng-#
041 ## - CÓDIGO DE LENGUA
Código de lengua del texto/banda sonora o título independiente eng
044 ## - CÓDIGO DEL PAÍS DE LA ENTIDAD EDITORA/PRODUCTORA
Código MARC del país enk
050 #4 - SIGNATURA TOPOGRÁFICA DE LA BIBLIOTECA DEL CONGRESO
Número de clasificación F1435
Número de documento/Ítem .M38 1889-1902
100 1# - ENTRADA PRINCIPAL--NOMBRE DE PERSONA
Nombre de persona Maudslay, Alfred Percival
Fechas asociadas al nombre 1850-1931
9 (RLIN) 23848
245 10 - MENCIÓN DE TÍTULO
Título Biologia Centrali-Americana, or, Contributions to the knowledge of the fauna and flora of Mexico and Central America
Mención de responsabilidad, etc. by A.P. Maudslay ; appendix by J.T. Goodman ; edited by F. Ducane Godman and Osbert Salvin
Nombre de parte o sección de la obra Archaeology
260 ## - PUBLICACIÓN, DISTRIBUCIÓN, ETC.
Lugar de publicación, distribución, etc. London
Nombre del editor, distribuidor, etc. Published for the editors by R.H. Porter ... and Dulau & Co.
Fecha de publicación, distribución, etc. 1889-1902
300 ## - DESCRIPCIÓN FÍSICA
Extensión v.5, v.6
Otras características físicas il.
Dimensiones 33 cm.
440 #0 - MENCIÓN DE SERIE/PUNTO DE ACCESO ADICIONAL--TÍTULO
Título Biologia Centrali-Americana
9 (RLIN) 23849
500 ## - NOTA GENERAL
Nota general v.1 Au436; v.6 Au437
650 14 - PUNTO DE ACCESO ADICIONAL DE MATERIA--TÉRMINO DE MATERIA
Término de materia o nombre geográfico como elemento de entrada Mayas
Subdivisión general Antigüedades
9 (RLIN) 9555
650 14 - PUNTO DE ACCESO ADICIONAL DE MATERIA--TÉRMINO DE MATERIA
Término de materia o nombre geográfico como elemento de entrada Indígenas de México
Subdivisión general Antigüedades
9 (RLIN) 509
650 14 - PUNTO DE ACCESO ADICIONAL DE MATERIA--TÉRMINO DE MATERIA
Término de materia o nombre geográfico como elemento de entrada Indígenas de América Central
Subdivisión general Antigüedades
9 (RLIN) 23850
650 14 - PUNTO DE ACCESO ADICIONAL DE MATERIA--TÉRMINO DE MATERIA
Término de materia o nombre geográfico como elemento de entrada Mayas
Subdivisión de forma Trabajos pictóricos
Subdivisión general Antigüedades
9 (RLIN) 23851
650 14 - PUNTO DE ACCESO ADICIONAL DE MATERIA--TÉRMINO DE MATERIA
Término de materia o nombre geográfico como elemento de entrada Indígenas de México
Subdivisión de forma Trabajos pictóricos
Subdivisión general Antigüedades
9 (RLIN) 23852
650 14 - PUNTO DE ACCESO ADICIONAL DE MATERIA--TÉRMINO DE MATERIA
Término de materia o nombre geográfico como elemento de entrada Indígenas de América Central
Subdivisión de forma Trabajos pictóricos
Subdivisión general Antigüedades
9 (RLIN) 23853
650 14 - PUNTO DE ACCESO ADICIONAL DE MATERIA--TÉRMINO DE MATERIA
Término de materia o nombre geográfico como elemento de entrada Inscripciones mayas
9 (RLIN) 23854
650 14 - PUNTO DE ACCESO ADICIONAL DE MATERIA--TÉRMINO DE MATERIA
Término de materia o nombre geográfico como elemento de entrada Calendario maya
9 (RLIN) 8075
651 #4 - PUNTO DE ACCESO ADICIONAL DE MATERIA--NOMBRE GEOGRÁFICO
Nombre geográfico América Central
Subdivisión general Antigüedades
9 (RLIN) 23855
651 #4 - PUNTO DE ACCESO ADICIONAL DE MATERIA--NOMBRE GEOGRÁFICO
Nombre geográfico América Central
Subdivisión de forma Trabajos pictóricos
Subdivisión general Antigüedades
9 (RLIN) 23856
700 1# - PUNTO DE ACCESO ADICIONAL--NOMBRE DE PERSONA
Nombre de persona Goodman, J. T
9 (RLIN) 23857
700 1# - PUNTO DE ACCESO ADICIONAL--NOMBRE DE PERSONA
Nombre de persona Godman, Frederick Du Cane
Fechas asociadas al nombre 1834-1919.
9 (RLIN) 23858
700 1# - PUNTO DE ACCESO ADICIONAL--NOMBRE DE PERSONA
Nombre de persona Salvin, Osbert
Fechas asociadas al nombre 1835-1898.
9 (RLIN) 23859
902 ## - CATALOGADOR
Iniciales GRL
942 ## - ELEMENTOS DE PUNTO DE ACCESO ADICIONAL (KOHA)
Fuente del sistema de clasificación o colocación Library of Congress Classification
Tipo de ítem Koha Libros
Holdings
Estado de retiro Estado de pérdida Estado dañado No para préstamo Localización permanente Ubicación/localización actual Fecha de adquisición Total de préstamos Signatura topográfica completa Código de barras Fecha visto por última vez Precio válido a partir de Tipo de ítem Koha
El ejemplar forma parte de la colección y puede ser consultado según las políticas vigentes.       Biblioteca Centro de Estudios Ruth D. Lechuga Biblioteca Centro de Estudios Ruth D. Lechuga 07/08/2013   F1435 .M38 1889-1902 GRL00445 22/03/2019 22/03/2019 Libros
El ejemplar forma parte de la colección y puede ser consultado según las políticas vigentes.       Biblioteca Centro de Estudios Ruth D. Lechuga Biblioteca Centro de Estudios Ruth D. Lechuga 26/08/2015   F1435 .M38 1889-1902 GRL00446 22/03/2019 22/03/2019 Libros